Plano de la ciudad de Puebla (Record no. 4184)

MARC details
000 -CABECERA
campo de control de longitud fija 00894nam a2200241 a 4500
001 - NÚMERO DE CONTROL
campo de control BRCA_4478
005 - FECHA Y HORA DE LA ÚLTIMA TRANSACCIÓN
campo de control 20190320204702.0
008 - DATOS DE LONGITUD FIJA--INFORMACIÓN GENERAL
campo de control de longitud fija 080910c1865----mx-b######---#000-0#spa-#
041 ## - CÓDIGO DE LENGUA
Código de lengua del texto/banda sonora o título independiente spa
044 ## - CÓDIGO DEL PAÍS DE LA ENTIDAD EDITORA/PRODUCTORA
Código MARC del país mx
050 #4 - SIGNATURA TOPOGRÁFICA DE LA BIBLIOTECA DEL CONGRESO
Número de clasificación G1549.P8
Número de documento/Ítem .P53 1865
245 10 - MENCIÓN DE TÍTULO
Título Plano de la ciudad de Puebla
Medio material cartográfico
Resto del título con las obras de defensa y ataque en el sitio por el ejército francés en los meses de marzo, abril y mayo de 1865.
260 ## - PUBLICACIÓN, DISTRIBUCIÓN, ETC.
Lugar de publicación, distribución, etc. México
Nombre del editor, distribuidor, etc. Departamento del Estado Mayor
Fecha de publicación, distribución, etc. 1865
300 ## - DESCRIPCIÓN FÍSICA
Extensión 1 mapa
Otras características físicas il. a color
Dimensiones 75 x 113 cm., pleg. 29 x 21 cm.
500 ## - NOTA GENERAL
Nota general Escala de 1:8000
500 ## - NOTA GENERAL
Nota general Mapa inventariado por Banco de México como libro
500 ## - NOTA GENERAL
Nota general CC6
650 14 - PUNTO DE ACCESO ADICIONAL DE MATERIA--TÉRMINO DE MATERIA
Término de materia o nombre geográfico como elemento de entrada Mapas
Subdivisión geográfica México
9 (RLIN) 200
651 #4 - PUNTO DE ACCESO ADICIONAL DE MATERIA--NOMBRE GEOGRÁFICO
Nombre geográfico México
Subdivisión de forma Mapas
Subdivisión general Historia
Subdivisión cronológica Intervervención y segundo Imperio, 1861-1867
9 (RLIN) 11346
700 1# - PUNTO DE ACCESO ADICIONAL--NOMBRE DE PERSONA
Nombre de persona Rosales, Enrique
Término indicativo de función/relación Ilustrador
9 (RLIN) 11347
902 ## - CATALOGADOR
Iniciales GFM
942 ## - ELEMENTOS DE PUNTO DE ACCESO ADICIONAL (KOHA)
Fuente del sistema de clasificación o colocación Library of Congress Classification
Tipo de ítem Koha Libros
Holdings
Estado de retiro Estado de pérdida Estado dañado No para préstamo Localización permanente Ubicación/localización actual Fecha de adquisición Número de inventario Total de préstamos Signatura topográfica completa Código de barras Fecha visto por última vez Precio válido a partir de Tipo de ítem Koha
El ejemplar forma parte de la colección y puede ser consultado según las políticas vigentes.       Biblioteca del Museo Franz Mayer (Rogerio Casas-Alatriste) Biblioteca del Museo Franz Mayer (Rogerio Casas-Alatriste) 08/09/2010 CC6   G1549.P8 .P53 1865 (CC6) 4475 22/03/2019 22/03/2019 Libros